000 00570nam a2200181Ia 4500
005 20250508163502.0
008 008 250505s9999 xx 000 0 eng d
037 _aBooks to be hide in OPAC
040 _aFEDL
_beng
_cFEDL
041 _aeng
_2eng
084 _a378.54, UGC/O
_qFEDL
245 0 _aUniversity development in India : Basic facts and figures 1972-73 to 1976-77
245 0 _cU G C
260 _aNew Delhi, India
_bUniversity Grants Commission
_c1982
300 _a1291-1664p.
942 _cHB
_h378.54, UGC/O
999 _c1383606
_d1383606